| 000 | 00590nam a2200205 a 4500 | ||
|---|---|---|---|
| 001 | 4664 | ||
| 003 | CDMR | ||
| 005 | 20131218104931.0 | ||
| 008 | 130130s1987||||||||||||||||||||||||||||d | ||
| 020 | _a8439891768 | ||
| 040 |
_aCDMR _bcat _cCDMR |
||
| 110 |
_9624 _aAgencia EFE |
||
| 245 | 0 | 0 |
_aGrandes firmas _b: antología de artículos hispanoamericanos y españoles |
| 260 |
_aMadrid _c1987 _bEdiciones EFE |
||
| 300 | _a541 p. | ||
| 650 | 0 | 4 |
_93430 _aPeriodistes _vRecull d'escrits |
| 650 | 0 | 4 |
_93726 _aPeriodistes _zEspanya |
| 650 | 0 | 4 |
_93725 _aPeriodistes _zAmèrica Llatina |
| 942 |
_cMON _2ddc |
||
| 999 |
_c4664 _d4664 |
||